01015nam a2200205 a 450000100100000000500170001000800410002704000250006808200160009311100910010924500770020025000120027726000730028930000280036270000440039095201280043495201130056295201190067599900150079400000597020200929151850.0090825s1999 dr a 000 0 spa d aDO-SdBNPbspacBNPHU axxxxbR426m2 aRepública Dominicana. Fiscalía. Procuraduría fiscal del Distrito Nacional91682510amanual de funciones y procedimientos /cprólogo César Pina Torribio. a2a. ed. aSanto Domingo :bProcuraduría fiscal del Distrito Nacional,c1999. a154 p. :bil. ;c28 cm.1 aPina Torribio, César,epról.916826 001054708DSaGRbGRcCTd2009-08-25iLF1l0oxxxx R426mp5970-30r2020-06-25te. 3w2020-06-25yLFDSZPréstamo en sala 0010718PDaPDbPDcCTd2009-08-25iLF1l0oxxxx R426mp5970-10r2020-06-25w2020-06-25yLFPDZNo se presta 0010718PDaPDbPDcCTd2009-08-25iLF1l0oxxxx R426mp5970-20r2020-06-25te. 2w2020-06-25yLFPDZNo se presta c5766d5766